A meaningful glance at fixtures and fittings (Record no. 74081)
[ view plain ]
| 000 -LEADER | |
|---|---|
| fixed length control field | 01159cab a2200217 4500 |
| 001 - CONTROL NUMBER | |
| control field | ABS67453 |
| 008 - FIXED-LENGTH DATA ELEMENTS--GENERAL INFORMATION | |
| fixed length control field | 040126n2004 000 0 eng u |
| 035 ## - SYSTEM CONTROL NUMBER | |
| System control number | (Sirsi) u124915 |
| 100 ## - MAIN ENTRY--PERSONAL NAME | |
| Personal name | Williamson, H. |
| 245 #2 - TITLE STATEMENT | |
| Title | A meaningful glance at fixtures and fittings |
| 260 ## - PUBLICATION, DISTRIBUTION, ETC. | |
| Date of publication, distribution, etc. | 2004 |
| 490 ## - SERIES STATEMENT | |
| Series statement | Estates Gazette |
| Volume/sequential designation | (0402) 10 January 2004, 87(1) |
| 520 ## - SUMMARY, ETC. | |
| Summary, etc. | Explains the difference between fixture and fixed chattel (fitting). In simple terms, a fixture is fixed to a property whereas a fixed chattel is annexed. Attempts to distinguish between landlords'fixtures and tenants' fixtures explaining how tenants are entitled to detach and take away fittings which they have installed at the end of the lease provides if they fall within the categories of trade, ornamental and domestic, and agricultural. Distinguishes between what is a fixture and fitting in the domestic context with reference to "TSB Bank plc v Botham and others" (WB3231-87 [1996] EGCS 149). |
| 590 ## - LOCAL NOTE (RLIN) | |
| Local note | ABS |
| 650 ## - SUBJECT ADDED ENTRY--TOPICAL TERM | |
| Topical term or geographic name entry element | CHATTELS |
| 650 ## - SUBJECT ADDED ENTRY--TOPICAL TERM | |
| Topical term or geographic name entry element | FIXTURES |
| 650 ## - SUBJECT ADDED ENTRY--TOPICAL TERM | |
| Topical term or geographic name entry element | FITTINGS |
| 650 ## - SUBJECT ADDED ENTRY--TOPICAL TERM | |
| Topical term or geographic name entry element | TSB BANK PLC V BOTHAM AND OTHERS |
| 690 ## - LOCAL SUBJECT ADDED ENTRY--TOPICAL TERM (OCLC, RLIN) | |
| Topical term or geographic name as entry element | PROPERTY LAW AND PRACTICE |
| 942 ## - ADDED ENTRY ELEMENTS (KOHA) | |
| Suppress in OPAC | 0 |
| Withdrawn status | Lost status | Source of classification or shelving scheme | Damaged status | Not for loan | Home library | Current library | Shelving location | Date acquired | Total Checkouts | Full call number | Barcode | Date last seen | Copy number | Price effective from | Koha item type |
|---|---|---|---|---|---|---|---|---|---|---|---|---|---|---|---|
| Dewey Decimal Classification | London | London | Journal article | 26/01/2004 | ABS67453 | 124915-1001 | 06/08/2019 | 1 | 06/08/2019 | Journal article |